00486nmm a2200157Ia 4500008004100000020001800041041000800059100003100067245002000098264008800118300001600206650003000222856005200252942000700304999001700311251105s9999||||xx |||||||||||||||||und|| a9788412364156 aspa aNavarro Valenciano, Albert 0aLa reina oscura a[Madrid, España] :bEdiciones Arcanas, c[Fecha de publicación no identificada] a0 páginas aScience fiction & Fantasy uhttps://public.digitaliapublishing.com/a/100527 cCF c76228d76228